<?xml version="1.0" encoding="UTF-8"?>
<record
    xmlns:xsi="http://www.w3.org/2001/XMLSchema-instance"
    xsi:schemaLocation="http://www.loc.gov/MARC21/slim http://www.loc.gov/standards/marcxml/schema/MARC21slim.xsd"
    xmlns="http://www.loc.gov/MARC21/slim">

  <leader>00475nam a22001817a 4500</leader>
  <controlfield tag="005">20201128121554.0</controlfield>
  <controlfield tag="008">201128b           ||||| |||| 00| 0 eng d</controlfield>
  <datafield tag="020" ind1=" " ind2=" ">
    <subfield code="a">9788186423509</subfield>
  </datafield>
  <datafield tag="040" ind1=" " ind2=" ">
    <subfield code="c">oclc</subfield>
  </datafield>
  <datafield tag="082" ind1=" " ind2=" ">
    <subfield code="a">821.4</subfield>
  </datafield>
  <datafield tag="100" ind1=" " ind2=" ">
    <subfield code="a">Pope, Alexander</subfield>
    <subfield code="e">Author</subfield>
  </datafield>
  <datafield tag="245" ind1=" " ind2=" ">
    <subfield code="a">The Rape of the Lock</subfield>
  </datafield>
  <datafield tag="250" ind1=" " ind2=" ">
    <subfield code="a">1st Worldview Edition</subfield>
  </datafield>
  <datafield tag="260" ind1=" " ind2=" ">
    <subfield code="a">Kolkata</subfield>
    <subfield code="b">Worldview Publication</subfield>
    <subfield code="c">2016</subfield>
  </datafield>
  <datafield tag="300" ind1=" " ind2=" ">
    <subfield code="a">202 p;</subfield>
    <subfield code="c">21cm</subfield>
  </datafield>
  <datafield tag="700" ind1="1" ind2=" ">
    <subfield code="a">Harriet Raghunathan</subfield>
    <subfield code="e">Editor</subfield>
  </datafield>
  <datafield tag="942" ind1=" " ind2=" ">
    <subfield code="2">ddc</subfield>
    <subfield code="c">BK</subfield>
  </datafield>
  <datafield tag="999" ind1=" " ind2=" ">
    <subfield code="c">24471</subfield>
    <subfield code="d">24471</subfield>
  </datafield>
  <datafield tag="952" ind1=" " ind2=" ">
    <subfield code="0">0</subfield>
    <subfield code="1">0</subfield>
    <subfield code="2">ddc</subfield>
    <subfield code="4">0</subfield>
    <subfield code="7">0</subfield>
    <subfield code="8">REFENG</subfield>
    <subfield code="a">MAIN</subfield>
    <subfield code="b">MAIN</subfield>
    <subfield code="c">EN#</subfield>
    <subfield code="d">2020-02-29</subfield>
    <subfield code="l">11</subfield>
    <subfield code="m">1</subfield>
    <subfield code="o">821.4</subfield>
    <subfield code="p">44001</subfield>
    <subfield code="r">2025-12-01 06:27:59</subfield>
    <subfield code="s">2025-11-17</subfield>
    <subfield code="t">1</subfield>
    <subfield code="w">2020-11-28</subfield>
    <subfield code="y">BK</subfield>
    <subfield code="z">V</subfield>
  </datafield>
  <datafield tag="952" ind1=" " ind2=" ">
    <subfield code="0">0</subfield>
    <subfield code="1">0</subfield>
    <subfield code="2">ddc</subfield>
    <subfield code="4">0</subfield>
    <subfield code="7">0</subfield>
    <subfield code="8">TBENG</subfield>
    <subfield code="a">MAIN</subfield>
    <subfield code="b">MAIN</subfield>
    <subfield code="c">ENRK</subfield>
    <subfield code="d">2020-02-29</subfield>
    <subfield code="l">6</subfield>
    <subfield code="o">821.4</subfield>
    <subfield code="p">44002</subfield>
    <subfield code="r">2022-08-30 00:00:00</subfield>
    <subfield code="s">2022-08-16</subfield>
    <subfield code="t">2</subfield>
    <subfield code="w">2020-11-28</subfield>
    <subfield code="y">BK</subfield>
  </datafield>
  <datafield tag="952" ind1=" " ind2=" ">
    <subfield code="0">0</subfield>
    <subfield code="1">0</subfield>
    <subfield code="2">ddc</subfield>
    <subfield code="4">0</subfield>
    <subfield code="7">0</subfield>
    <subfield code="8">TBENG</subfield>
    <subfield code="a">MAIN</subfield>
    <subfield code="b">MAIN</subfield>
    <subfield code="c">ENRK</subfield>
    <subfield code="d">2020-02-29</subfield>
    <subfield code="l">2</subfield>
    <subfield code="o">821.4</subfield>
    <subfield code="p">44003</subfield>
    <subfield code="r">2021-02-08 00:00:00</subfield>
    <subfield code="s">2021-01-22</subfield>
    <subfield code="t">3</subfield>
    <subfield code="w">2020-11-28</subfield>
    <subfield code="y">BK</subfield>
  </datafield>
  <datafield tag="952" ind1=" " ind2=" ">
    <subfield code="0">0</subfield>
    <subfield code="1">0</subfield>
    <subfield code="2">ddc</subfield>
    <subfield code="4">0</subfield>
    <subfield code="7">0</subfield>
    <subfield code="8">TBENG</subfield>
    <subfield code="a">MAIN</subfield>
    <subfield code="b">MAIN</subfield>
    <subfield code="c">EN#</subfield>
    <subfield code="d">2020-02-29</subfield>
    <subfield code="l">10</subfield>
    <subfield code="o">821.4</subfield>
    <subfield code="p">44004</subfield>
    <subfield code="r">2024-12-10 09:41:58</subfield>
    <subfield code="s">2024-11-13</subfield>
    <subfield code="t">4</subfield>
    <subfield code="w">2020-11-28</subfield>
    <subfield code="y">BK</subfield>
    <subfield code="z">V</subfield>
  </datafield>
  <datafield tag="952" ind1=" " ind2=" ">
    <subfield code="0">0</subfield>
    <subfield code="1">0</subfield>
    <subfield code="2">ddc</subfield>
    <subfield code="4">0</subfield>
    <subfield code="7">0</subfield>
    <subfield code="8">TBENG</subfield>
    <subfield code="a">MAIN</subfield>
    <subfield code="b">MAIN</subfield>
    <subfield code="c">ENRK</subfield>
    <subfield code="d">2020-02-29</subfield>
    <subfield code="l">2</subfield>
    <subfield code="o">821.4</subfield>
    <subfield code="p">44005</subfield>
    <subfield code="r">2021-11-03 00:00:00</subfield>
    <subfield code="s">2021-10-22</subfield>
    <subfield code="t">5</subfield>
    <subfield code="w">2020-11-28</subfield>
    <subfield code="y">BK</subfield>
  </datafield>
</record>
